Southville International School and Colleges

The library management system (LMS) of Mary Help of Christians Montessori / (Record no. 229286)

000 -LEADER
fixed length control field 00513nam a2200145Ia 4500
008 - FIXED-LENGTH DATA ELEMENTS--GENERAL INFORMATION
fixed length control field 140724s9999 xx 000 0 und d
050 ## - LIBRARY OF CONGRESS CALL NUMBER
Classification number QA 76.76.T48
Item number .M831 2009
100 ## - MAIN ENTRY--PERSONAL NAME
Personal name Morato, Rommel S.
245 #4 - TITLE STATEMENT
Title The library management system (LMS) of Mary Help of Christians Montessori /
Statement of responsibility, etc Rommel S. Morato.
260 ## - PUBLICATION, DISTRIBUTION, ETC. (IMPRINT)
Place of publication, distribution, etc Las Piñas, Philippines :
Name of publisher, distributor, etc Southville International School and Colleges,
Date of publication, distribution, etc c2009.
300 ## - PHYSICAL DESCRIPTION
Extent 60 p. :
Other physical details ill. ;
Dimensions 28 cm.
521 ## - TARGET AUDIENCE NOTE
Target audience note Information Technology
942 ## - ADDED ENTRY ELEMENTS (KOHA)
Koha item type Theses
Holdings
Shelving location Current Location Damaged status Koha item type Barcode Full call number Withdrawn status Permanent Location Date last seen Price effective from Date acquired Lost status
Theses SectionCollege Library ThesesT0640QA 76.76.T48 .M831 2009 College Library2017-03-232014-07-242014-07-24 
Powered by Koha